000 01072nam0a22002771 4500
001 RU\NLR\INFOCOMM_161\5000067786
005 20250613093432.0
035 _a(NLR Aleph) 009201852
090 _a8694806
_c8694806
100 _a20100427d1987 |||y0rusy50 ca
101 1 _aspa
_crus
102 _aRU
105 _ay ||||000|y
200 1 _aLa CIA contra la juventud
_f[Trad. del ruso por Marat Kuznetsov
_gCompuesto por S. Diomkin]
210 _aΜ.
_cProgreso
_d1987
215 _a311 с.
_d16 см
300 _aВ вып. дан.: ЦРУ против молодежи
601 0 2 _aЦентральное разведывательное управление
_cСоединенные Штаты
_2nlr_sh1
606 _aИмпериализм
_xПодрывная деятельность в молодежном движении
_yСоединенные Штаты
_2nlr_sh1
686 _aТ3(7США)63-67я43
_2rubbk
702 1 _aDemkin
_bS. I.
_4220
801 1 _aRU
_bNLR
_c20100427
801 0 _aRU
_bNLR
_gPSBO
852 _aNLR
_jИ97 Д-1/125
942 _cBOOK
980 _aNB